Statistiques concernant Classement Trackmania World Cup 2022

Cliquez ici pour prendre le quiz!

Statistiques générales

  • Ce quiz a été pris 31 fois
  • Le résultat moyen est 10 sur 16

Statistiques - réponses

PlaceJoueur% Correct
1erCarljr
100%
13èmeBren
92%
5-8emePac
81%
5-8emeAffi
69%
14-15emeGwen
69%
11-12emeAurel
65%
2èmeMime
65%
4èmeOtaaaq
65%
16èmePapou
65%
5-8emeMassa
62%
3èmeMudda
62%
11-12emeKappa
58%
10èmeTween
54%
5-8emeGranady
46%
9èmeBinkss
27%
14-15emeMiquatro
15%

Distribution des résultats

Percentile par nombre de réponses

% des personnes avec chaque résultat

Votre développement - résultats

Vous n’avez pas pris ce quiz